Districts and Cities of Azerbaijan (Azərbaycanın rayon və şəhərləri) - Statistics

General Stats
  • This quiz has been taken 31 times
  • The average score is 31 of 78
Answer Stats
Answer % Correct
Baku
87%
Ganja
73%
Aghdam
60%
Lankaran
60%
Lankaran
60%
Nakhchivan
60%
Sumgait
60%
Zangilan
60%
Khankendi
53%
Ordubad
53%
Qabala
53%
Quba
53%
Shaki
53%
Shaki
53%
Shamakhi
53%
Shusha
53%
Aghstafa
47%
Imishli
47%
Ismayilli
47%
Khachmaz
47%
Naftalan
47%
Qubadli
47%
Sabirabad
47%
Salya
47%
Tovuz
47%
Absheron
40%
Agsu
40%
Astara
40%
Babek
40%
Gobustan
40%
Goranboy
40%
Julfa
40%
Kalbajar
40%
Khojaly
40%
Kurdamir
40%
Lachin
40%
Lerik
40%
Mingachevir
40%
Neftchala
40%
Oghuz
40%
Samukh
40%
Shahbuz
40%
Şirvan
40%
Yardimli
40%
Yevlakh
40%
Yevlakh
40%
Balakan
33%
Barda
33%
Beylagan
33%
Gadabay
33%
Jabrayil
33%
Khizi
33%
Qakh
33%
Qazax
33%
Qusar
33%
Saatly
33%
Sadarak
33%
Shabran
33%
Sharur
33%
Siyazan
33%
Tartar
33%
Zardab
33%
Aghjabadi
27%
Dashkasan
27%
Fuzuli
27%
Goychay
27%
Jalilabad
27%
Kangarli
27%
Masally
27%
Shamkir
27%
Ujar
27%
Zagatala
27%
Agdash
20%
Aghdara
20%
Bilasuvar
20%
Goygol
20%
Khojavend
20%
Hajigabul
13%
No matching quizzes found
Score Distribution
Percent of People with Each Score
Percentile by Number Answered
Your Score History
You have not taken this quiz